=LDR 00000nam 2200000 4500 =001 INLIS000000000028658 =005 20130612130939 =008 ***********************************ind** =035 ##$$0010-061300000028658 =041 ##$$a ind =082 ##$$a 372.7 =090 ##$$a 372.7, HID b =100 ##$$a Hidayat, Kidh =245 ##$$a Berhitung dengan sempoa (untuk taman kanak-kanak), Kidh Hidayat, MB. Rahim Syah =260 ##$$a [s.a] $b Surabaya =300 ##$$a ...jil., ilus., 23 cm =650 ##$$a Sempoa (teknik berhitung) =700 ##$$a Rahimsyah, MB =850 ##$$a NBPNMAT